Names in Beatles Songs (but not in the Title) - Statistics

General Stats
  • This quiz has been taken 681 times
  • The average score is 12 of 23
Answer Stats
Hint Answer % Correct
Mother Mary Let It Be
94%
Father McKenzie Eleanor Rigby
93%
Desmond & Molly Jones Ob La Di, Ob La Da
91%
Loretta Martin, Jo Jo Get Back
84%
Vera, Chuck & Dave When I'm Sixty Four
80%
Billy Shears Sgt. Pepper's Lonely Hearts Club Band
72%
Edgar Allan Poe, Lucy in the Sky I am the Walrus
65%
The Hendersons, Henry the Horse Being for the Benefit of Mr Kite
63%
Mother Superior Happiness Is A Warm Gun
56%
Dan, Magill/Lil/Nancy Rocky Raccoon
56%
Paul, Lady Madonna Glass Onion
54%
Mr Wilson, Mr Heath Taxman
54%
Chairman Mao Revolution/Revolution 1
51%
The Queen Penny Lane or Mean Mr Mustard
47%
John, Rose & Valerie Maxwell's Silver Hammer
44%
A Man Named Lear Paperback Writer
38%
Pam Mean Mr Mustard
37%
King of Marigold, Duchess of Kircaldy Cry Baby Cry
30%
Sir Walter Raleigh I'm So Tired
30%
Captain Marvel The Continuing Story of Bungalow Bill
28%
Peter Brown Ballad of John & Yoko
26%
Dylan's Mr Jones Yer Blues
17%
Doris Two of Us
14%
No matching quizzes found
Score Distribution
Percent of People with Each Score
Percentile by Number Answered
Your Score History
You have not taken this quiz